000 00393pam a2200157 a 4500
020 _a9781437719369
_c
041 _h
082 _a617.3
_b11394
100 _aLUSARDI M.M., JORGE M.M, NIELSON C.,.
245 _aORTHOTICS AND PROSTHETICS IN REHABILITION
_hTextual Documents
250 _a3.
260 _bSAUNDERS
_c2013
300 _a851;:
_bXII;
_cHB.
930 _a6174
999 _c800701
_d800701
650 _aORTHO